| 000 | 01044cam a22002054a 4500 | ||
|---|---|---|---|
| 005 | 20250605163937.0 | ||
| 008 | 250528s ||||||||||||||||||||||||d | ||
| 035 | _a14893 | ||
| 020 | _a333186486 | ||
| 040 |
_aGR-AtMCL _bgre _dGR-AtMCL _eAACR2 |
||
| 245 | 1 | _aFoundations of Social Administration | |
| 250 | _a1st | ||
| 260 |
_bThe Macmillan Press, _c1977 |
||
| 300 | _a254 | ||
| 520 | _aThe most up-to-date aspects of current thinking as seen by authors who are extending the frontiers of the subject. Preface, Dimensions of Social Administration, Social Administration as Social Science, Responsibility and Justice, Value Choices in Social Administration, Government and Data and Social Change, Inequality, Social Capital, Demand and Need, Needs and Outputs, Cohesion or Disjunction in the Planning of Public Policy?, The Organization of Professional Work in the Social Services, Comparative Studies in Social Policy and Administration, Index. | ||
| 700 | 1 |
_aHeisler Helmuth _9685 |
|
| 942 | _cBK | ||
| 999 |
_c504 _d504 |
||